MARC

LEADER 00000nam0a2200000 4500
001 239597
005 20240708105249.0
035 |a (RuTPU)RU\TPU\book\260822 
035 |a RU\TPU\book\252135 
090 |a 239597 
100 |a 20130610d1929 k y0rusy50 ca 
101 0 |a rus  |a eng 
102 |a RU 
105 |a bf z 001zy 
200 1 |a Материалы к расчленению ледникового периода в Кузнецко-Алтайской области  |f А. М. Кузьмин  |g Всесоюзный геологический комитет, Западно-Сибирское отделение 
210 |a Томск  |c Красное знамя  |d 1929 
215 |a 62 с.  |c табл. 
225 1 |a Известия Западно-Сибирского отделения Геологического комитета  |v Т. 8, вып. 2 
317 |5 63413507: КР-1232  |a Поступила в НТБ в 2004 г. в составе книжного собрания профессора ТПИ К. В. Радугина 
317 |5 63413507: КР-2684  |a Поступила в НТБ в 1940 г. в составе книжного собрания академика М. А. Усова 
320 |a Библиогр.: с. 60-62 
510 1 |a Materiaux pour la division du periode glaciaire dans la region de Kouznetzk-Altai  |z fre 
606 1 |a Геология  |y Сибирь  |2 stltpush  |3 (RuTPU)RU\TPU\subj\68833  |9 83954 
610 1 |a Кузнецкий бассейн 
610 1 |a стратиграфия 
610 1 |a орография 
610 1 |a ледники 
610 1 |a ледниковый период 
610 1 |a наносы 
610 1 |a озера 
610 1 |a Телецкое озеро 
610 1 |a труды учёных ТПУ 
610 1 |a Библиотека К. В. Радугина 
610 1 |a Библиотека М. А. Усова 
610 1 |a Коллекция труды учёных ТПУ 
675 |a 55(571.1/.5)  |v 3 
700 1 |a Кузьмин  |b А. М.  |c российский геолог  |c профессор Томского политехнического института  |f 1891-1980  |g Алексей Михайлович  |3 (RuTPU)RU\TPU\pers\13901 
712 0 2 |a Всесоюзный геологический комитет  |b Западно-Сибирское отделение  |c (Томск)  |c (1927-1930)  |3 (RuTPU)RU\TPU\col\18534  |9 27078 
801 1 |a RU  |b 63413507  |c 20130129 
801 2 |a RU  |b 63413507  |c 20190611  |g RCR 
942 |c BK